00554nam a2200157 a 450000100100000000500170001000800410002704000250006810000240009324500520011726000420016930000210021150000420023295201050027499900170037900003926020201002031552.0130619s1980 dr 000 0 spa d aDO-SdBNPbspacBNPHU1 aHoxha, Enver96546110aEl imperialismo y la revolucion /cEnver Hoxha. aSanto Domingo :bAlfa y Omega,c1980. a485 p. ;c21 cm. aIncluye notas al pie de las páginas 0010718PDaPDbPDcCTd2013-06-19iLF1l0o p39260-10r2020-06-25w2020-06-25yLFPDZNo se presta c38750d38750